000 00376nam a2200157Ia 4500
008 151213s9999 xx 000 0 und d
100 _aHeming way
245 _aThe old man & the sea
_cHeming way
250 _a1st
260 _aDelhi
_bVirender Kumar Arya
_c2004
300 _a2452 p.
650 _aEnglish
650 _aEnglish
700 _aHeming way
999 _c1699
_d1699